Ultrafast fiber switching devices and systems . (Record no. 7245)

MARC details
000 -LEADER
fixed length control field 01203pam a2200301 a 4500
001 - CONTROL NUMBER
control field 2502950
003 - CONTROL NUMBER IDENTIFIER
control field OSt
005 - DATE AND TIME OF LATEST TRANSACTION
control field 20210922093902.0
008 - FIXED-LENGTH DATA ELEMENTS--GENERAL INFORMATION
fixed length control field 920303s1992 enka b 001 0 eng
010 ## - LIBRARY OF CONGRESS CONTROL NUMBER
LC control number 92005531
020 ## - INTERNATIONAL STANDARD BOOK NUMBER
International Standard Book Number 0521431913 (hardback)
040 ## - CATALOGING SOURCE
Original cataloging agency DLC
Transcribing agency DDC
Modifying agency DLC
050 00 - LIBRARY OF CONGRESS CALL NUMBER
Classification number TA1522
Item number .I84 1992
082 00 - DEWEY DECIMAL CLASSIFICATION NUMBER
Classification number 621.317ISL1992
100 1# - MAIN ENTRY--PERSONAL NAME
Personal name Islam,Mohammed N;
9 (RLIN) 14880
245 10 - TITLE STATEMENT
Title Ultrafast fiber switching devices and systems .
Statement of responsibility, etc. Edited by Islam,Mohammed N;
260 ## - PUBLICATION, DISTRIBUTION, ETC. (IMPRINT)
Place of publication, distribution, etc. New York.
Name of publisher, distributor, etc. Cambridge University Press,
Date of publication, distribution, etc. 1992.
300 ## - PHYSICAL DESCRIPTION
Extent xiv,210p.
Other physical details ill. ;
Dimensions 24 cm.
440 #0 - SERIES STATEMENT/ADDED ENTRY--TITLE
Title Cambridge studies in modern optics ;
Volume/sequential designation 12
9 (RLIN) 14881
500 ## - GENERAL NOTE
General note "AT&T."
504 ## - BIBLIOGRAPHY, ETC. NOTE
Bibliography, etc Includes; bibliographical references (p. [200]-207) and index.
650 #0 - SUBJECT ADDED ENTRY--TOPICAL TERM
Topical term or geographic name as entry element Physics
9 (RLIN) 809
856 42 - ELECTRONIC LOCATION AND ACCESS
Materials specified Publisher description
Uniform Resource Identifier <a href="http://www.loc.gov/catdir/description/cam025/92005531.html">http://www.loc.gov/catdir/description/cam025/92005531.html</a>
856 41 - ELECTRONIC LOCATION AND ACCESS
Materials specified Table of contents
Uniform Resource Identifier <a href="http://www.loc.gov/catdir/toc/cam028/92005531.html">http://www.loc.gov/catdir/toc/cam028/92005531.html</a>
906 ## - LOCAL DATA ELEMENT F, LDF (RLIN)
a 7
b cbc
c orignew
d 1
e ocip
f 19
g y-gencatlg
942 ## - ADDED ENTRY ELEMENTS (KOHA)
Source of classification or shelving scheme Dewey Decimal Classification
Koha item type Open Shelf
Holdings
Withdrawn status Lost status Source of classification or shelving scheme Damaged status Not for loan Home library Current library Date acquired Source of acquisition Inventory number Total Checkouts Full call number Barcode Date last seen Price effective from Koha item type
    Dewey Decimal Classification     MUST Main Library MUST Main Library 21/09/2021 Purchase 05/24549   621.317ISL1992 2021-1182 21/09/2021 21/09/2021 Open Shelf
    Dewey Decimal Classification     MUST Main Library MUST Main Library 21/09/2021 Purchase 05/24548   621.317ISL1992 2021-1183 21/09/2021 21/09/2021 Open Shelf
    Dewey Decimal Classification     MUST Main Library MUST Main Library 21/09/2021 Purchase 04/22682   621.38275ISL1992 2021-1184 21/09/2021 21/09/2021 Open Shelf